Music Quiz

Random Music Quiz
Score 0/13 Timer 02:00
0 Plays Today
Stage Band % Correct
Main StageSlayer
100%
Main StageMarilyn Manson
92.9%
Main StageKillswitch Engage
92.9%
Jägermeister StageTrivium
85.7%
Hot Topic StageBehemoth
85.7%
Hot Topic StageThe Black Dahlia Murder
85.7%
Hot Topic StageWhitechapel
85.7%
Jägermeister StageGod Forbid
78.6%
Main StageBullet for my Valentine
78.6%
Jägermeister StageAll That Remains
78.6%
Hot Topic StageCannibal Corpse
78.6%
Hot Topic StageJob for a Cowboy
71.4%
Main StageMushroomhead
64.3%
Remove Ads.
Support Sporcle.
Get the best of Sporcle when you Go Orange. This ad-free experience offers more features, more stats, and more fun while also helping to support Sporcle. Thank you for becoming a member.

You're not logged in!

Compare scores with friends on all Sporcle quizzes.
OR
Log In

Show Comments

Extras

Top Quizzes Today


Score Distribution

Your Account Isn't Verified!

In order to create a playlist on Sporcle, you need to verify the email address you used during registration. Go to your Sporcle Settings to finish the process.

Report this User

Report this user for behavior that violates our Community Guidelines.

Details: